| 000 | 00827amm a2200241 4500 | ||
|---|---|---|---|
| 008 | 220303s2022 cat | ||
| 041 | _acat | ||
| 080 | _a616(083.72) | ||
| 245 |
_aCIM-10-MC: Classificació internacional de malalties: 10a revisió: Modificació clínica _h[en línia] |
||
| 250 | _a4a ed. | ||
| 260 |
_aBarcelona _c2022 _bGeneralitat de Catalunya. Servei Català de la Salut |
||
| 500 | _aÍndexs | ||
| 500 | _btermcat | ||
| 592 | _aObra especialitzada | ||
| 593 | _aER | ||
| 650 |
_aCIM-10 _973626 |
||
| 650 |
_adocumentació mèdica _963948 |
||
| 856 | _uhttps://catsalut.gencat.cat/ca/proveidors-professionals/registres-catalegs/catalegs/diagnostics-procediments/cim-10-mc-scp | ||
| 901 | _c<2022> | ||
| 902 | _a220303 | ||
| 942 |
_cMO _2ddc _n0 |
||
| 999 |
_c68095 _d68095 |
||